000 00542nam a2200181Ia 4500
003 GCL
008 140319s9999 xx 000 0 eng d
040 _aGCL /
_cGCL
082 0 4 _a892.7
_bV
100 1 _aACCADEMIA NATIONALE DEI LINCEI
245 1 0 _aCONUEGNO INTERNAZIONALE : L'AUERROISMO IN ITALIA /
_cACCADEMIA NATIONALE DEI LINCEI
260 _a[S.N] :
_bACCADEMIA NAZIONALE DEI LINCEI ،
_c1979
650 0 4 _aحوادث المرور
650 0 4 _aAVERROES
650 0 4 _aPHILOSOPHY
650 0 4 _aPHILOSOPHY - ISLAM
942 _2ddc
_cBK
999 _c12471
_d12471